[Event "Selfoss Chess Festival 2019"]
[Site "Selfoss"]
[Date "2019.11.27"]
[Round "7.3"]
[White "Leitao, Rafael"]
[Black "Saduakassova, Dinara"]
[Result "1/2-1/2"]
[WhiteElo "2606"]
[BlackElo "2505"]
[Annotator "TA"]
[PlyCount "126"]
[EventDate "2019.11.19"]
[EventType "tourn"]
[EventCountry "ISL"]
[SourceTitle "playchess.com"]
[Source "ChessBase"]
[SourceQuality "1"]

{[%evp 19,126,31,29,20,35,27,32,28,60,58,58,54,60,60,50,61,95,94,88,91,132,138,196,166,154,156,219,205,265,263,252,256,300,301,441,441,416,429,396,413,527,426,456,446,610,531,1171,866,814,796,688,520,551,537,564,564,564,312,550,531,426,349,279,279,322,145,145,145,145,145,145,125,125,125,125,125,125,125,125,125,125,125,125,125,125,125,125,125,125,125,125,76,76,73,73,73,73,73,73,42,42,0,0,0,68,0,0,0,42]} 1. c4 c5 2. Nc3 g6 3. g3 Bg7 4. Bg2 Nc6 5. Nf3 e5 6. O-O Nge7 7. a3 O-O 8. Rb1 a5 9. Ne1 d6 10. Nc2 Be6 11. Ne3 {A37: Symmetrical English vs ...g6: 4 Bg2 Bg7 5 Nf3} f5 12. Ned5 Bf7 13. d3 {White is slightly better.} h6 14. Nxe7+ Qxe7 15. Nd5 Qd8 16. b4 axb4 17. axb4 {[#]} b6 $146 ({Predecessor:} 17... cxb4 18. Nxb4 Nxb4 19. Rxb4 {1-0 (35) Gasthofer,A (2453)-Miroshnichenko,E (2646) Dresden 2007}) 18. b5 Nd4 19. Bb2 Rb8 20. Ra1 f4 (20... Qd7 $16 {was called for.} 21. e3 Bxd5) 21. Bxd4 (21. gxf4 $6 exf4 22. Ra7 (22. Nxf4 Qh4 $16) 22... Bxd5 $16) 21... cxd4 22. Ra7 {Black must now prevent Ne7+.} Qg5 (22... Bxd5 $16 23. Bxd5+ Kh8) 23. Qc1 h5 24. gxf4 exf4 25. Kh1 ({Don't take} 25. Nxf4 $6 Rbe8 $16) 25... Be5 26. Be4 {[#] Rg1 is the strong threat.} Bxd5 (26... Qh6 $142 27. Ne7+ Kh8) 27. Bxd5+ $18 Kh8 28. Rg1 Qh6 29. f3 Rf5 30. Qa3 Rg5 31. Ra1 h4 32. Ra8 Rf8 33. Rxf8+ Qxf8 34. Qa7 Bg7 35. Qd7 Qf6 36. Ra7 Rh5 37. Qe8+ Kh7 38. Qg8+ Kh6 39. h3 Rg5 40. Qf7 Re5 41. Be4 Re6 42. Rb7 (42. Qd7 $18 {and White stays clearly on top.}) 42... Qxf7 $16 43. Rxf7 {[%mdl 4096] Endgame Threatens to win with Rb7. KRB-KRB} d5 44. Bxd5 Rf6 45. Rd7 Bf8 46. Be4 Bc5 47. Kg2 Kg5 48. Kf1 Rd6 49. Rg7 Bb4 50. Rg8 Re6 51. Rd8 Rd6 52. Rb8 Re6 53. Bc6 Bc5 54. Ke1 Kf6 55. Kd1 Re5 56. Bd7 Re7 57. Rd8 Rf7 {next ...Ke7 is good for Black.} 58. Bc6 Ra7 59. Rd5 Ke6 60. Rg5 Kf6 61. Rd5 (61. Rg4 $11 Ra1+ 62. Kd2) 61... Ke6 $14 62. Rg5 (62. Kc2 $14) 62... Kf6 $1 $11 63. Rd5 Ke6 {Accuracy: White = 77%, Black = 58%.} 1/2-1/2

[Event "Selfoss Chess Festival 2019"]
[Site "Selfoss"]
[Date "2019.11.27"]
[Round "7.4"]
[White "Khademalsharieh, Sarasadat"]
[Black "Adly, Ahmed"]
[Result "1/2-1/2"]
[WhiteElo "2491"]
[BlackElo "2607"]
[Annotator "TA"]
[PlyCount "220"]
[EventDate "2019.11.19"]
[EventType "tourn"]
[EventCountry "ISL"]
[SourceTitle "playchess.com"]
[Source "ChessBase"]
[SourceQuality "1"]

{[%evp 10,220,25,9,50,34,45,41,39,44,39,29,43,35,56,58,67,36,30,26,30,30,63,66,65,56,56,54,64,48,92,88,103,87,85,83,81,86,110,84,102,87,170,97,132,78,81,81,83,77,87,73,90,90,109,107,102,89,92,90,96,105,92,49,58,55,48,47,54,45,32,45,34,16,47,28,31,27,42,9,41,0,10,-8,-8,-50,-50,-51,-51,-51,-51,-51,-51,-51,-51,-51,-51,-51,-20,-7,0,0,0,0,0,0,0,0,0,0,0,0,0,0,0,-2,0,0,0,0,0,0,0,0,0,0,0,0,0,0,0,0,0,0,0,0,0,0,0,0,0,0,0,0,0,0,0,0,0,0,0,0,0,0,0,0,0,0,0,0,0,0,0,0,0,0,0,0,0,0,0,0,0,0,0,0,0,0,0,0,0,0,0,0,0,0,0,0,0,0,0,0,0,0,0,0,0,0,0,0,0,0,0,0,0,0,0,0,0,0,0,0,0]} 1. d4 Nf6 2. Nf3 e6 3. c4 d5 4. Nc3 Nbd7 5. cxd5 exd5 6. Bf4 a6 {D35: Queen's Gambit Declined: Exchange Variation} (6... c6 7. h3 Nb6 8. e3 Bf5 9. Be2 Bd6 10. Ne5 Qe7 11. O-O O-O 12. Qb3 Ne4 13. Nxe4 Bxe4 14. a4 f6 15. Nd3 {½-½ (48) Korobov,A (2687)-Andreikin,D (2722) Hengshui 2019}) 7. Rc1 $146 ({Predecessor:} 7. e3 Be7 8. Bd3 O-O 9. O-O Re8 10. Rc1 {½-½ (10) Burmakin,V (2611)-Epishin,V (2577) Bad Woerishofen 2008}) 7... c5 8. dxc5 Nxc5 {White is slightly better.} 9. e3 Be7 10. Be2 O-O 11. O-O Bf5 12. Nd4 Bg6 13. Na4 Rc8 14. Nxc5 Bxc5 15. Nb3 Qe7 16. Nxc5 Rxc5 17. Rxc5 Qxc5 18. Be5 Ne4 19. Bg4 f5 20. Be2 Rc8 21. a3 Bf7 22. Bd3 Qe7 23. Bd4 Rc6 24. Qe2 Qc7 25. f3 Rh6 (25... Nd6 $16) 26. g3 ({Don't do} 26. fxe4 $6 dxe4 27. g3 exd3 $14) ({White should try} 26. g4 $18) 26... Nd6 ({Not} 26... Nxg3 $2 27. hxg3 Rh3 28. Bxf5 $18) 27. Qc2 (27. a4 $142) 27... Qxc2 $16 28. Bxc2 Re6 29. Rc1 g6 30. Bd3 Re7 31. Kf2 Be8 32. Rc5 Bf7 33. b3 Kf8 34. a4 Ke8 35. Bf6 Rd7 36. Ke2 d4 37. exd4 Bxb3 38. a5 Kf7 39. Be5 {Hoping for Bxd6.} Ke6 40. Ke3 Nf7 41. f4 Nd8 42. h3 Bd5 43. Bc2 Nc6 44. Ba4 h6 (44... h5 {feels hotter.} 45. Bd1 Ba2 46. Be2 Bd5 47. Kd3 Rd8) 45. Rc2 (45. g4 {looks sharper.} Kf7 46. Bd1 Ne7 47. g5 hxg5 48. fxg5 Nc6 49. Bf6) 45... Rd8 46. Bxc6 Bxc6 $11 {[%mdl 4096] Endgame KRB-KRB} 47. h4 Rd5 48. Rc5 Rxc5 49. dxc5 $15 {KB-KB} Kd5 50. Bc7 Kxc5 51. Bb6+ Kc4 52. Kd2 Be4 53. Ke3 h5 54. Kd2 {The position is equal.} Kb3 55. Ke3 Kc3 56. Ke2 Kc2 57. Ke3 Kd1 58. Kf2 $1 Bc6 59. Kf1 Bb5+ 60. Kf2 Bc4 61. Bc5 Bb5 62. Be3 Bc4 63. Bb6 Bd3 64. Ke3 Be4 65. Kf2 $1 Kd2 66. Be3+ Kd3 67. Bb6 Bd5 68. Kf1 Bf3 69. Kf2 Ke4 70. Bc7 Bh1 71. Bb6 $1 Kd3 72. Ke1 Bd5 73. Kf2 Ke4 74. Ke2 Be6 75. Kf2 Bc4 76. Kg2 Kd3 77. Kf2 Kc2 78. Ke3 Kd1 79. Kf2 Be2 80. Be3 Bb5 81. Bb6 Bc4 82. Bc5 Kd2 83. Be3+ Kd3 84. Bb6 Ke4 85. Kg2 Bb3 86. Kf2 Bd1 87. Kg2 Bf3+ 88. Kf2 Bh1 89. Ke2 Bg2 90. Kf2 Bf3 91. Ke1 Bg4 92. Kf2 Bd1 93. Bc5 Bb3 94. Bb6 Bc4 95. Kg2 Kd3 96. Kf2 Bd5 97. Kf1 Bc4 98. Kf2 Ke4 99. Kg2 Be2 100. Kf2 Bf3 101. Bc5 Bh1 102. Bb6 Kd3 103. Ke1 Bd5 104. Kf2 Kd2 105. Kf1 Bc6 106. Kf2 Kd1 107. Kf1 Bb5+ 108. Kf2 Bc4 109. Bc5 Be2 110. Bb6 Bd3 {Accuracy: White = 74%, Black = 62%.} 1/2-1/2

[Event "Selfoss Chess Festival 2019"]
[Site "Selfoss"]
[Date "2019.11.27"]
[Round "7.5"]
[White "Lomasov, Semyon"]
[Black "Antipov, Mikhail Al."]
[Result "0-1"]
[WhiteElo "2553"]
[BlackElo "2558"]
[Annotator "TA"]
[PlyCount "116"]
[EventDate "2019.11.19"]
[EventType "tourn"]
[EventCountry "ISL"]
[SourceTitle "playchess.com"]
[Source "ChessBase"]
[SourceQuality "1"]

{[%evp 14,116,7,0,7,7,10,4,8,0,0,0,0,-3,0,-3,-6,-2,9,0,0,0,0,0,0,-2,0,-22,0,-80,-77,-65,-65,-72,-68,-59,-71,-68,-83,-73,-75,-89,-83,-91,-70,-91,-59,-91,-91,-122,-110,-95,-83,-83,-73,-79,-84,-171,-159,-152,-100,-132,-126,-129,-128,-102,-77,-90,-77,-128,-119,-182,-171,-75,0,0,0,-29968,-29969,-29969,-29970,-29966,-29971,-29970,-29971,-29970,-29973,-29973,-29974,-29974,-29975,-29973,-29971,-29971,-29972,-29973,-29974,-29977,-29979,-29979,-29980,-29980,-29981,-29980,-29979]} 1. e4 e5 2. Nf3 Nc6 3. Nc3 Nf6 4. Bb5 Nd4 5. Nxd4 exd4 6. e5 dxc3 7. exf6 Qxf6 8. dxc3 a6 {C48: Four Knights: 4 Bb5, replies other than 4...Bb4} (8... Bc5 9. O-O O-O 10. Qh5 d6 11. Qg5 {½-½ (11) Bologan,V (2640)-Jakovenko,D (2718) Poikovsky 2017}) 9. Bd3 d5 $146 ({Predecessor:} 9... Bc5 10. O-O d5 11. Re1+ Be6 12. Be3 Bxe3 13. Rxe3 O-O 14. Qh5 h6 15. Rf3 Bg4 16. Qxg4 {1-0 (35) Bochnickova,S (1000)-Hudakova,N (1000) Liptovsky Mikulas 2017}) 10. O-O Be6 {The position is equal.} 11. Be3 Bd6 12. Qh5 g6 13. Qh6 {Bg5 is the strong threat.} Bf8 $1 {[%cal Rf8h6]} 14. Qf4 (14. Bg5 {is more complex.} Bxh6 15. Bxf6 O-O 16. a4 Rfe8 17. Rfe1) 14... Qxf4 15. Bxf4 c5 16. Be5 Rg8 17. a4 Be7 18. Rfe1 O-O-O 19. b3 Rge8 20. Rad1 Bg5 21. Bg3 {[#]} (21. f4 $11 Bg4 22. Rb1) 21... c4 $1 $17 {[%cal Rc4d3]} 22. Bf1 Bf6 23. Be5 Bxe5 24. Rxe5 Bf5 25. Rxe8 Rxe8 {[%mdl 4096] Endgame KRB-KRB} 26. Rc1 b5 27. a5 Kc7 28. g3 Kc6 29. Bg2 Re5 30. b4 g5 31. Kf1 f6 32. Bf3 Kd6 33. g4 Bg6 34. Kg2 f5 35. gxf5 (35. h3 $17) 35... Rxf5 $19 ({But not} 35... Bxf5 36. Kg3 $15) 36. Bg4 Re5 ({Black should play} 36... Rf4 37. Kg3 h5) 37. h3 h5 38. Bf3 h4 39. Bg4 Re8 40. Kf1 Be4 41. f3 (41. Bh5 $142 Rf8 42. Ke2) 41... Bh7 42. Re1 (42. Kf2 $17 {keeps fighting.}) 42... Rxe1+ 43. Kxe1 {KB-KB} Bg8 (43... Bxc2 $17 {Threatens to win with ...Bg6.} 44. Bc8 Kc7) 44. Bc8 $11 Be6 45. Bxa6 $2 {[%mdl 8192]} (45. Bxe6 $11 Kxe6 46. Ke2) 45... Kc6 {Black mates.} 46. f4 gxf4 47. Kf2 Bxh3 48. Kf3 Bd7 49. Kxf4 Kc7 50. Kf3 Kb8 51. Kg2 Ka7 52. Bxb5 Bxb5 {KB-KP} 53. Kh3 Kb7 54. Kxh4 Kc6 55. Kg5 {[#]} d4 $1 56. cxd4 {[#]} c3 $1 57. Kf4 Kd5 ({Weaker is} 57... Ba4 58. Ke5 $11) 58. Ke3 Ba6 {Accuracy: White = 51%, Black = 70%.} 0-1

[Event "Selfoss Chess Festival 2019"]
[Site "Selfoss"]
[Date "2019.11.28"]
[Round "8.1"]
[White "Gretarsson, Helgi Ass"]
[Black "Antipov, Mikhail Al."]
[Result "0-1"]
[WhiteElo "2415"]
[BlackElo "2558"]
[Annotator "RC"]
[PlyCount "40"]
[EventDate "2019.11.19"]
[EventType "tourn"]
[EventCountry "ISL"]
[SourceTitle "playchess.com"]
[Source "ChessBase"]
[SourceQuality "1"]
[TimeControl "40/5400+30:900+30"]

1. d4 {[%emt 0:00:00]} Nf6 {[%emt 0:00:00]} 2. c4 {[%emt 0:00:00]} g6 {[%emt 0:00:00]} 3. Nc3 {[%emt 0:00:00]} d5 {[%emt 0:00:00]} 4. cxd5 {[%emt 0:00:00]} Nxd5 {[%emt 0:00:00]} 5. Bd2 {[%emt 0:00:00]} c5 {[%emt 0:04:13]} 6. dxc5 {[%emt 0:00:12]} Bg7 {[%emt 0:00:11]} 7. Qb3 {[%emt 0:00:15]} Be6 {[%emt 0:05:36]} 8. Qxb7 {[%emt 0:02:40]} O-O {[%emt 0:01:32]} 9. Rc1 {[%emt 0:51:54]} Bxc3 {[%emt 0:22:54]} 10. Bxc3 {[%emt 0:03:43]} Nd7 {[%emt 0:00:28]} 11. Bd2 {[%emt 0:11:34]} Rb8 {[%emt 0:21:08]} 12. Qxa7 {[%emt 0:00:17]} Rxb2 {[%emt 0:00:27]} 13. Nf3 {[%emt 0:01:58]} N5f6 {[%emt 0:25:15]} 14. a3 {[%emt 0:09:01]} Ne4 {[%emt 0:03:15]} 15. Bb4 {[%emt 0:00:59]} Nb8 {[%emt 0:08:08]} 16. Qb6 {[%emt 0:06:40]} Qd5 {[%emt 0:00:58]} 17. g3 {[%emt 0:05:23]} Qc4 {[%emt 0:01:48]} 18. Rd1 {[%emt 0:01:33]} Na6 {[%emt 0:01:04]} 19. e3 {[%emt 0:01:50]} Qc2 {[%emt 0:00:13]} 20. Nd2 {[%emt 0:01:09]} Nxb4 {[%emt 0:00:22]} 0-1

[Event "Selfoss Chess Festival 2019"]
[Site "Selfoss"]
[Date "2019.11.28"]
[Round "8.2"]
[White "Adly, Ahmed"]
[Black "Lomasov, Semyon"]
[Result "1-0"]
[WhiteElo "2607"]
[BlackElo "2553"]
[Annotator "TA"]
[PlyCount "75"]
[EventDate "2019.11.19"]
[EventType "tourn"]
[EventCountry "ISL"]
[SourceTitle "playchess.com"]
[Source "ChessBase"]
[SourceQuality "1"]

{[%evp 12,75,17,0,0,0,-14,-12,0,-30,-8,-27,-22,-13,0,0,45,55,34,37,41,2,28,2,35,35,111,86,104,83,81,70,114,112,77,54,180,187,189,197,194,193,181,171,151,171,167,138,194,193,233,232,260,230,267,258,259,252,252,265,483,493,551,549,548,541]} 1. Nf3 Nf6 2. g3 b5 3. Bg2 Bb7 4. O-O e6 5. d4 c5 6. c3 Be7 7. a4 b4 {A46: 1 d4 Nf6 2 Nf3 e6: Torre, London and Colle Systems} 8. dxc5 Bxc5 9. cxb4 (9. Ne5 Bxg2 10. Kxg2 Qb6 11. Nd3 Na6 12. a5 Qb7+ 13. f3 Be7 14. e4 Rc8 15. Ra4 {0-1 (35) Adly,A (2591)-Aronian,L (2781) Bursa 2010}) 9... Bxb4 {The position is equal.} 10. Qb3 a5 11. Ne5 $146 ({Predecessor:} 11. Nc3 O-O 12. Nb5 Na6 13. Bf4 Qb6 14. Rfc1 Bd5 15. Qd1 {0-1 (47) Faraone,E (2074)-Stankovic,Z (2243) Basel 2014}) 11... Bxg2 12. Kxg2 Na6 13. Qf3 h6 14. Rd1 d5 15. Nc3 {[%cal Bb1c3,Bc3b5,Bb5d4][%mdl 32]} Rc8 16. Nb5 Qe7 17. Nd4 $40 {[%mdl 128] White attacks.} Qb7 18. Bf4 Be7 (18... Nc5 $14) 19. Qd3 $16 O-O 20. Qb5 Qa8 21. Nec6 Bb4 22. Rac1 Rfe8 23. f3 Bc5 (23... Nc7 $14 24. Qd3 Na6) 24. Rxc5 $18 Nxc5 25. Qxc5 {Strongly threatening Ne7+.} e5 26. Bxe5 Rxe5 27. Ne7+ (27. Qxa5 Qxa5 28. Nxa5 Rc2 $16) 27... Rxe7 28. Qxe7 Qb8 29. b3 Qb6 (29... Rc3 $16 30. Nf5 Rc6) 30. Qe3 Re8 31. Qc3 h5 32. Rc1 Nd7 33. Qd3 h4 34. Rc6 ({Don't play} 34. gxh4 $6 Qd8 $16) 34... Qb4 35. Qc3 ({Stronger than} 35. gxh4 Ne5 $11) 35... Qb8 $2 {[#]} (35... Qxc3 {keeps fighting.} 36. Rxc3 hxg3 37. hxg3 (37. Kxg3 Ra8 $18) 37... Ra8) 36. Qxa5 {White is clearly winning.} Nf6 37. Qc5 hxg3 38. hxg3 {Accuracy: White = 76%, Black = 32%.} 1-0

[Event "Selfoss Chess Festival 2019"]
[Site "Selfoss"]
[Date "2019.11.28"]
[Round "8.3"]
[White "Saduakassova, Dinara"]
[Black "Khademalsharieh, Sarasadat"]
[Result "1/2-1/2"]
[WhiteElo "2505"]
[BlackElo "2491"]
[Annotator "TA"]
[PlyCount "86"]
[EventDate "2019.11.19"]
[EventType "tourn"]
[EventCountry "ISL"]
[SourceTitle "playchess.com"]
[Source "ChessBase"]
[SourceQuality "1"]

{[%evp 17,86,27,25,16,20,17,37,18,29,11,20,23,21,16,26,14,14,17,18,16,29,0,18,25,29,34,25,0,35,33,38,41,115,39,39,44,38,43,47,25,25,46,42,3,3,2,8,0,0,0,0,0,0,0,0,0,0,0,0,0,0,0,0,0,0,0,0,0,0,0,0]} 1. d4 Nf6 2. c4 e6 3. Nf3 b6 4. g3 Bb4+ 5. Bd2 Bxd2+ 6. Qxd2 Ba6 7. b3 O-O 8. Bg2 d5 9. O-O c6 10. Rc1 {E15: Queen's Indian: 4 g3 sidelines, 4 g3 Ba6 and 4 g3 Bb7 early deviations} Nbd7 11. a4 Qe7 (11... Rc8 12. Na3 Bb7 13. b4 c5 14. cxd5 Bxd5 15. dxc5 bxc5 16. b5 c4 17. Qb4 Bxf3 18. Bxf3 {1-0 (46) Inarkiev,E (2732)-Hou,Y (2658) Petropavlovsk Kamchatsky 2016}) 12. Na3 {White is slightly better.} Rac8 13. a5 c5 $146 ({Predecessor:} 13... b5 14. cxb5 Ne4 15. Qb2 cxb5 16. b4 h6 {1-0 (50) Mirzoeva,E (2220)-Nakhbayeva,G (2345) Moscow 2015}) 14. axb6 axb6 15. Nc2 Nb8 16. cxd5 Nxd5 17. e4 Nf6 18. e5 Nd5 19. Ne3 Nxe3 20. Qxe3 Rfd8 21. dxc5 bxc5 22. Qg5 Qf8 23. Nd2 h6 24. Qe3 Bd3 {[#]} (24... Rd3 $14 25. Qe1 Qd8) 25. Ra5 ({Better is} 25. Rc3 $1 $16 {[%cal Rc3d3]} Bg6 26. Nc4) 25... Bg6 26. Ne4 Bxe4 $1 27. Bxe4 {[%cal Ra5c5]} Rd4 28. Bb7 Rcd8 $1 29. Raxc5 Rd3 30. Qe4 {Threatening Rc8.} Rd1+ $1 {The position is equal.} 31. Kg2 {Threatens to win with Rxd1.} Nd7 $1 {[%cal Rd7c5]} 32. Rc8 Rxc1 33. Rxc1 Nc5 34. Qb4 Nd3 35. Qxf8+ Kxf8 36. Rc8 Rxc8 37. Bxc8 Nxe5 $11 {[%mdl 4096] Endgame KB-KN} 38. f4 Nc6 39. Kf2 Ke7 40. Ke3 Kd6 41. Ba6 Kc5 42. Bd3 Na5 43. Bh7 Nxb3 {Accuracy: White = 66%, Black = 67%.} 1/2-1/2

[Event "Selfoss Chess Festival 2019"]
[Site "Selfoss"]
[Date "2019.11.28"]
[Round "8.4"]
[White "Stefansson, Hannes"]
[Black "Leitao, Rafael"]
[Result "1-0"]
[WhiteElo "2546"]
[BlackElo "2606"]
[Annotator "TA"]
[PlyCount "73"]
[EventDate "2019.11.19"]
[EventType "tourn"]
[EventCountry "ISL"]
[SourceTitle "playchess.com"]
[Source "ChessBase"]
[SourceQuality "1"]

{[%evp 16,73,17,20,18,28,35,25,35,37,37,37,38,37,39,35,49,40,41,38,100,94,91,98,115,117,143,143,158,167,184,146,166,166,169,164,187,186,171,177,154,159,241,246,304,202,200,199,208,216,245,235,261,253,325,321,299,278,346,315]} 1. d4 Nf6 2. c4 e6 3. Nf3 Bb4+ 4. Bd2 Bxd2+ 5. Qxd2 O-O 6. g3 d5 7. Bg2 c6 8. O-O Nbd7 9. Rc1 b6 {E11: Bogo-Indian} 10. cxd5 cxd5 11. Ne5 Nxe5 {White has an edge.} 12. dxe5 Nd7 13. f4 {[#]} a5 $146 ({Predecessor:} 13... Ba6 14. Na3 {½-½ (41) Stefansson,H (2521)-Shengelia,D (2556) Rhodes 2013}) 14. Nc3 {[%cal Bb1c3,Bc3b5,Bb5d4][%mdl 32]} Nc5 15. Nb5 Ba6 16. Nd4 Qd7 17. Rc3 Ne4 (17... Rfc8 $14) 18. Bxe4 $1 $16 dxe4 {[#]} 19. Rc6 $1 Rfd8 {...Qxc6! is the strong threat.} 20. Rd6 Qe8 21. Rc1 Bb7 22. Rxb6 Qe7 23. b3 Bd5 24. e3 h6 25. Rb5 Qa3 {[#]} 26. Rbc5 $1 Qb4 27. Qxb4 axb4 28. R1c2 f6 (28... g5 $16 {keeps fighting.} 29. Rd2 Rd7 30. fxg5 hxg5) 29. f5 $18 exf5 30. Nxf5 Be6 31. Nd4 Bg4 32. exf6 gxf6 33. Kg2 Rd6 34. Rc6 {White has a decisive advantage.} Ra6 35. Rxd6 Rxd6 36. Rc6 Bf3+ 37. Kf2 {Accuracy: White = 94%, Black = 35%.} 1-0

[Event "Selfoss Chess Festival 2019"]
[Site "Selfoss"]
[Date "2019.11.28"]
[Round "8.5"]
[White "Zhigalko, Sergei"]
[Black "Steingrimsson, Hedinn"]
[Result "1-0"]
[WhiteElo "2574"]
[BlackElo "2549"]
[Annotator "RC"]
[PlyCount "96"]
[EventDate "2019.11.19"]
[EventType "tourn"]
[EventCountry "ISL"]
[SourceTitle "playchess.com"]
[Source "ChessBase"]
[SourceQuality "1"]
[TimeControl "40/5400+30:900+30"]

1. e4 {[%emt 0:00:00]} e5 {[%emt 0:00:17]} 2. Nf3 {[%emt 0:00:00]} Nc6 {[%emt 0:00:04]} 3. Bb5 {[%emt 0:00:00]} a6 {[%emt 0:00:04]} 4. Ba4 {[%emt 0:00:00]} Nf6 {[%emt 0:00:03]} 5. O-O {[%emt 0:00:19]} Be7 {[%emt 0:00:10]} 6. Bxc6 {[%emt 0:00:53]} dxc6 {[%emt 0:01:15]} 7. d3 {[%emt 0:00:04]} Nd7 {[%emt 0:02:04]} 8. Nbd2 {[%emt 0:03:31]} O-O {[%emt 0:03:49]} 9. Nc4 {[%emt 0:00:06]} f6 {[%emt 0:00:36]} 10. Nh4 {[%emt 0:00:26]} Nc5 {[%emt 0:17:17]} 11. Nf5 {[%emt 0:00:35]} Bxf5 {[%emt 0:06:05]} 12. exf5 {[%emt 0:00:06]} Qd5 {[%emt 0:00:56]} 13. Re1 {[%emt 0:06:25]} Rad8 {[%emt 0:01:27]} 14. Qg4 {[%emt 0:03:43]} Rfe8 {[%emt 0:13:49]} 15. Nd2 {[%emt 0:06:57]} Qd4 {[%emt 0:03:07]} 16. Ne4 {[%emt 0:04:24]} Nxe4 {[%emt 0:00:27]} 17. Rxe4 {[%emt 0:00:05]} Qc5 {[%emt 0:01:19]} 18. Rc4 {[%emt 0:05:59]} Qd5 {[%emt 0:01:59]} 19. Be3 {[%emt 0:00:19]} b5 {[%emt 0:03:50]} 20. Re4 {[%emt 0:00:21]} Bc5 {[%emt 0:00:13]} 21. Qh5 {[%emt 0:04:09]} Bxe3 {[%emt 0:01:17]} 22. fxe3 {[%emt 0:00:04]} Qf7 {[%emt 0:01:11]} 23. Qf3 {[%emt 0:00:27]} g5 {[%emt 0:03:10]} 24. fxg6 {[%emt 0:06:32]} hxg6 {[%emt 0:00:03]} 25. Rg4 {[%emt 0:09:51]} Rd6 {[%emt 0:00:45]} 26. Rf1 {[%emt 0:03:14]} Kg7 {[%emt 0:01:26]} 27. b3 {[%emt 0:26:09]} Rh8 {[%emt 0:02:57]} 28. Qg3 {[%emt 0:00:22]} Rh5 {[%emt 0:07:09]} 29. Rf3 {[%emt 0:00:25]} Rd8 {[%emt 0:12:18]} 30. Qf2 {[%emt 0:00:38]} c5 {[%emt 0:03:54]} 31. Rfg3 {[%emt 0:03:08]} Rh6 {[%emt 0:00:09]} 32. Qf5 {[%emt 0:02:43]} Rdh8 {[%emt 0:04:49]} 33. h4 {[%emt 0:01:01]} Rg8 {[%emt 0:03:53]} 34. h5 {[%emt 0:01:55]} Kh7 {[%emt 0:00:03]} 35. hxg6+ {[%emt 0:01:50]} Rgxg6 {[%emt 0:00:03]} 36. d4 {[%emt 0:01:27]} exd4 {[%emt 0:01:45]} 37. exd4 {[%emt 0:00:01]} c4 {[%emt 0:00:02]} 38. bxc4 {[%emt 0:03:40]} bxc4 {[%emt 0:00:01]} 39. Kf2 {[%emt 0:06:17]} Kg7 {[%emt 0:00:13]} 40. d5 {[%emt 0:00:00]} Rxg4 {[%emt 0:00:00]} 41. Rxg4+ {[%emt 0:01:51]} Rg6 {[%emt 0:06:55]} 42. Rxg6+ {[%emt 0:03:48]} Qxg6 {[%emt 0:00:02]} 43. Qxg6+ {[%emt 0:00:06]} Kxg6 {[%emt 0:00:03]} 44. Ke3 {[%emt 0:00:03]} Kf5 {[%emt 0:10:07]} 45. Kd4 {[%emt 0:00:09]} Kf4 {[%emt 0:00:25]} 46. Kxc4 {[%emt 0:00:11]} Kg3 {[%emt 0:00:03]} 47. Kd4 {[%emt 0:00:35]} Kxg2 {[%emt 0:00:06]} 48. Ke4 {[%emt 0:00:39]} Kg3 {[%emt 0:00:04]} 1-0